[Event "Wroclaw"]
[Site "?"]
[Date "2020.08.25"]
[Round "2.1"]
[White "Galuszka, Tomasz"]
[Black "Teclaf, Pawel"]
[Result "0-1"]
[BlackElo "2382"]
[WhiteElo "1854"]
[LiveChessVersion "1.4.8"]

1. e4 {[%clk 0:15:18]} c5 {[%clk 0:15:01]} 2. Nf3 {[%clk 0:15:26]} e6
{[%clk 0:15:10]} 3. d4 {[%clk 0:15:27]} cxd4 {[%clk 0:15:19]} 4. Nxd4
{[%clk 0:15:35]} a6 {[%clk 0:15:28]} 5. Nc3 {[%clk 0:15:42]} b5 {[%clk 0:15:37]}
6. Bd3 {[%clk 0:15:50]} Bb7 {[%clk 0:15:38]} 7. O-O {[%clk 0:15:02]} Nc6
{[%clk 0:15:47]} 8. Nxc6 {[%clk 0:15:02]} Bxc6 {[%clk 0:15:56]} 9. Qe2
{[%clk 0:14:51]} Ne7 {[%clk 0:15:53]} 10. Be3 b4 {[%clk 0:15:39]} 11. Nb1
{[%clk 0:14:23]} d5 {[%clk 0:15:46]} 12. Nd2 {[%clk 0:14:22]} dxe4
{[%clk 0:15:50]} 13. Nxe4 {[%clk 0:13:34]} Nd5 {[%clk 0:15:23]} 14. Bd2
{[%clk 0:13:31]} Qc8 {[%clk 0:15:06]} 15. a3 {[%clk 0:12:48]} bxa3
{[%clk 0:14:42]} 16. bxa3 {[%clk 0:12:56]} Be7 {[%clk 0:14:28]} 17. c4
{[%clk 0:12:39]} Nf6 {[%clk 0:14:36]} 18. Bb4 {[%clk 0:10:24]} Qc7
{[%clk 0:14:30]} 19. Rab1 {[%clk 0:09:07]} Rc8 {[%clk 0:13:15]} 20. Rfc1
{[%clk 0:08:28]} Bxe4 {[%clk 0:12:48]} 21. Bxe4 {[%clk 0:08:33]} O-O
{[%clk 0:12:56]} 22. Bd3 {[%clk 0:05:57]} a5 {[%clk 0:13:00]} 23. Bc3
{[%clk 0:06:04]} Rfd8 {[%clk 0:11:22]} 24. Rd1 {[%clk 0:05:33]} Qc5
{[%clk 0:10:37]} 25. Rb5 {[%clk 0:04:03]} Qc6 26. h3 {[%clk 0:03:45]} a4
{[%clk 0:10:29]} 27. Rg5 {[%clk 0:03:20]} g6 {[%clk 0:10:14]} 28. Rg3
{[%clk 0:02:48]} Ne8 {[%clk 0:09:34]} 29. Rf3 {[%clk 0:02:35]} Bf8
{[%clk 0:09:19]} 30. h4 {[%clk 0:02:27]} Bg7 {[%clk 0:09:19]} 31. Bxg7
{[%clk 0:01:53]} Nxg7 32. Qe5 {[%clk 0:01:30]} Nf5 {[%clk 0:08:20]} 33. h5
{[%clk 0:01:39]} Qc5 {[%clk 0:08:29]} 34. Qf6 {[%clk 0:01:03]} Qd4 35. Qg5
{[%clk 0:00:28]} h6 {[%clk 0:08:23]} 36. Qc1 {[%clk 0:00:37]} g5 {[%clk 0:08:30]}
37. Re1 {[%clk 0:00:30]} Ng7 {[%clk 0:07:10]} 38. Qc2 {[%clk 0:00:28]} Nxh5
{[%clk 0:06:30]} 39. Qxa4 {[%clk 0:00:14]} Nf4 {[%clk 0:06:16]} 40. Bf1
{[%clk 0:00:16]} Qd2 {[%clk 0:06:24]} 41. Qb4 {[%clk 0:00:15]} Rb8
{[%clk 0:06:12]} 42. Qxd2 {[%clk 0:00:24]} Rxd2 {[%clk 0:06:21]} 43. g3
{[%clk 0:00:21]} Ng6 {[%clk 0:06:19]} 44. Rc3 {[%clk 0:00:16]} Ne7 45. c5
{[%clk 0:00:14]} Rc8 {[%clk 0:06:22]} 46. Rec1 {[%clk 0:00:14]} Nc6
{[%clk 0:06:26]} 47. Rd3 {[%clk 0:00:14]} Ra2 {[%clk 0:06:14]} 48. Bg2
{[%clk 0:00:15]} Kf8 {[%clk 0:06:10]} 49. Bxc6 {[%clk 0:00:16]} Rxc6
{[%clk 0:06:19]} 50. Rd8+ {[%clk 0:00:24]} Ke7 {[%clk 0:06:21]} 51. Rh8
{[%clk 0:00:29]} e5 {[%clk 0:04:52]} 52. Re1 {[%clk 0:00:29]} Rxc5
{[%clk 0:04:54]} 53. Rxh6 {[%clk 0:00:37]} Rxa3 {[%clk 0:05:02]} 54. Rb6
{[%clk 0:00:38]} f6 {[%clk 0:05:06]} 55. Rb2 {[%clk 0:00:37]} Ke6
{[%clk 0:05:10]} 56. Kg2 {[%clk 0:00:45]} Kf5 {[%clk 0:05:15]} 57. Rd1
{[%clk 0:00:36]} Rc6 {[%clk 0:05:07]} 58. Re1 {[%clk 0:00:38]} Ra4
{[%clk 0:05:09]} 59. Rd1 {[%clk 0:00:42]} Kg4 {[%clk 0:05:13]} 60. Rh1
{[%clk 0:00:40]} e4 {[%clk 0:05:07]} 61. Rh6 {[%clk 0:00:16]} Rac4
{[%clk 0:04:59]} 62. Re2 {[%clk 0:00:22]} Rd6 {[%clk 0:04:06]} 63. Ra2
{[%clk 0:00:18]} Rd1 {[%clk 0:04:12]} 64. Re2 {[%clk 0:00:15]} f5
{[%clk 0:04:09]} 65. Rh1 {[%clk 0:00:13]} Rxh1 {[%clk 0:04:10]} 66. Kxh1
{[%clk 0:00:22]} Kf3 {[%clk 0:03:54]} 67. Ra2 {[%clk 0:00:30]} Rc1+
{[%clk 0:03:59]} 68. Kh2 {[%clk 0:00:39]} Rf1 {[%clk 0:04:08]} 0-1

[Event "Wroclaw"]
[Site "?"]
[Date "2020.08.25"]
[Round "2.2"]
[White "Godzwon, Iwo"]
[Black "Majocha, Piotr"]
[Result "1-0"]
[BlackElo "1822"]
[WhiteElo "2278"]
[LiveChessVersion "1.4.8"]

1. e4 {[%clk 0:15:19]} e6 {[%clk 0:15:19]} 2. d4 {[%clk 0:15:28]} d5
{[%clk 0:15:28]} 3. Nd2 {[%clk 0:15:36]} Nf6 {[%clk 0:15:35]} 4. e5
{[%clk 0:15:44]} Nfd7 {[%clk 0:15:44]} 5. Bd3 {[%clk 0:15:53]} c5
{[%clk 0:15:52]} 6. c3 {[%clk 0:16:03]} Nc6 {[%clk 0:15:59]} 7. Ne2
{[%clk 0:16:12]} Qb6 {[%clk 0:16:07]} 8. Nf3 {[%clk 0:16:06]} cxd4
{[%clk 0:16:15]} 9. cxd4 {[%clk 0:16:15]} f6 {[%clk 0:16:24]} 10. exf6
{[%clk 0:16:21]} Nxf6 {[%clk 0:16:32]} 11. O-O {[%clk 0:16:28]} Bd6
{[%clk 0:16:39]} 12. a3 {[%clk 0:13:58]} O-O {[%clk 0:15:50]} 13. Ng3
{[%clk 0:12:35]} e5 {[%clk 0:12:49]} 14. dxe5 {[%clk 0:12:43]} Nxe5
{[%clk 0:12:57]} 15. Be2 {[%clk 0:12:25]} Nxf3+ {[%clk 0:11:22]} 16. Bxf3
{[%clk 0:12:34]} Be6 {[%clk 0:11:26]} 17. b4 {[%clk 0:11:11]} Be5
{[%clk 0:09:15]} 18. Rb1 {[%clk 0:10:35]} Rad8 {[%clk 0:06:39]} 19. Bb2
{[%clk 0:09:28]} Bxb2 {[%clk 0:06:41]} 20. Rxb2 {[%clk 0:09:37]} d4
{[%clk 0:06:11]} 21. Rd2 {[%clk 0:09:19]} Bc4 {[%clk 0:05:46]} 22. Be2
{[%clk 0:09:06]} Bxe2 {[%clk 0:05:48]} 23. Nxe2 {[%clk 0:09:12]} Qa6
{[%clk 0:03:44]} 24. Qb3+ {[%clk 0:06:47]} Kh8 {[%clk 0:03:50]} 25. Nxd4
{[%clk 0:06:56]} Ne4 {[%clk 0:03:43]} 26. Rdd1 {[%clk 0:07:05]} Nxf2
{[%clk 0:01:46]} 27. Rxf2 {[%clk 0:07:04]} Rxf2 {[%clk 0:01:55]} 28. Kxf2
{[%clk 0:07:13]} Qf6+ {[%clk 0:00:38]} 29. Nf3 {[%clk 0:07:20]} Qb6+
{[%clk 0:00:40]} 30. Kf1 {[%clk 0:07:20]} 1-0

[Event "Wroclaw"]
[Site "?"]
[Date "2020.08.25"]
[Round "2.3"]
[White "Zerebiec, Maurycy"]
[Black "Kozak, Antoni"]
[Result "0-1"]
[BlackElo "2270"]
[WhiteElo "1796"]
[LiveChessVersion "1.4.8"]

1. c4 {[%clk 0:15:16]} e6 {[%clk 0:15:17]} 2. e4 {[%clk 0:15:18]} c5
{[%clk 0:15:22]} 3. Nc3 {[%clk 0:15:25]} Nc6 {[%clk 0:15:27]} 4. g3
{[%clk 0:15:32]} g6 {[%clk 0:15:29]} 5. Bg2 {[%clk 0:15:40]} Bg7 {[%clk 0:15:37]}
6. Nge2 {[%clk 0:15:47]} Nge7 {[%clk 0:15:45]} 7. O-O {[%clk 0:15:54]} O-O
{[%clk 0:15:53]} 8. d3 {[%clk 0:15:58]} d6 {[%clk 0:16:01]} 9. a3
{[%clk 0:16:05]} Rb8 {[%clk 0:15:48]} 10. Rb1 {[%clk 0:16:14]} a5
{[%clk 0:15:47]} 11. Be3 {[%clk 0:16:15]} Nd4 {[%clk 0:15:55]} 12. b4
{[%clk 0:16:09]} axb4 {[%clk 0:15:47]} 13. axb4 {[%clk 0:16:17]} Nec6
{[%clk 0:15:54]} 14. b5 {[%clk 0:14:47]} Ne7 {[%clk 0:15:59]} 15. Nf4
{[%clk 0:13:32]} b6 {[%clk 0:15:58]} 16. Qd2 {[%clk 0:13:32]} Bb7
{[%clk 0:16:00]} 17. Rb2 {[%clk 0:13:16]} Ra8 {[%clk 0:15:28]} 18. Ra2
{[%clk 0:13:15]} Qd7 {[%clk 0:15:33]} 19. Nfe2 {[%clk 0:13:01]} Nxe2+
{[%clk 0:15:21]} 20. Nxe2 {[%clk 0:13:05]} Rxa2 {[%clk 0:15:29]} 21. Qxa2
{[%clk 0:13:14]} Ra8 {[%clk 0:15:38]} 22. Qb3 {[%clk 0:12:51]} d5
{[%clk 0:15:44]} 23. exd5 {[%clk 0:12:57]} exd5 {[%clk 0:15:52]} 24. d4
{[%clk 0:12:57]} dxc4 {[%clk 0:13:54]} 25. Qxc4 {[%clk 0:13:04]} Bxg2
{[%clk 0:13:50]} 26. Kxg2 {[%clk 0:13:11]} cxd4 {[%clk 0:13:08]} 27. Nxd4
{[%clk 0:11:12]} Rc8 {[%clk 0:13:09]} 28. Qa4 {[%clk 0:11:21]} Nd5
{[%clk 0:12:40]} 29. Nc6 {[%clk 0:08:26]} Nxe3+ {[%clk 0:12:48]} 30. fxe3
{[%clk 0:08:34]} Re8 {[%clk 0:11:53]} 31. Rd1 {[%clk 0:07:48]} Qe6
{[%clk 0:11:19]} 32. e4 {[%clk 0:07:37]} Bf8 {[%clk 0:11:13]} 33. e5
{[%clk 0:07:27]} Bc5 {[%clk 0:11:21]} 34. Qc2 {[%clk 0:06:54]} Ra8
{[%clk 0:11:17]} 35. Qd3 {[%clk 0:05:32]} Kg7 {[%clk 0:11:14]} 36. Qd5
{[%clk 0:03:57]} Ra2+ {[%clk 0:10:41]} 37. Kh1 {[%clk 0:03:44]} Ra1
{[%clk 0:10:50]} 38. Kg2 {[%clk 0:03:47]} Rxd1 {[%clk 0:10:19]} 39. Qxd1
{[%clk 0:03:55]} Qa2+ {[%clk 0:10:26]} 40. Kh3 {[%clk 0:03:46]} Qe6+
{[%clk 0:10:16]} 41. Kg2 {[%clk 0:03:07]} Qa2+ {[%clk 0:09:27]} 42. Kh3
{[%clk 0:03:16]} Qf2 {[%clk 0:09:36]} 43. Qd3 {[%clk 0:02:02]} h5
{[%clk 0:08:52]} 44. e6 {[%clk 0:00:36]} fxe6 {[%clk 0:09:01]} 45. Qd7+
{[%clk 0:00:45]} Kh6 {[%clk 0:09:10]} 46. Qxe6 {[%clk 0:00:42]} Qf1+
{[%clk 0:09:06]} 47. Kh4 {[%clk 0:00:51]} Qg2 {[%clk 0:09:15]} 48. h3
{[%clk 0:00:42]} Qe4+ {[%clk 0:09:24]} 49. Qxe4 {[%clk 0:00:33]} g5#
{[%clk 0:09:10]} 0-1

[Event "Wroclaw"]
[Site "?"]
[Date "2020.08.25"]
[Round "2.4"]
[White "Szpar, Milosz"]
[Black "Kozlowski, Pawel"]
[Result "1-0"]
[BlackElo "1805"]
[WhiteElo "2262"]
[LiveChessVersion "1.4.8"]

1. c4 e6 2. Nf3 f5 3. g3 Nf6 4. Bg2 d5 5. b3 Bd6 6. Bb2 O-O 7. d3 c6 8. Nbd2 Nbd7
9. O-O Qe7 10. Nd4 g6 11. cxd5 exd5 12. e3 a6 13. Qc2 c5 14. Ne2 b5 15. d4 Bb7
16. dxc5 Nxc5 17. Rad1 Rac8 18. Qb1 Nce4 19. Nf3 Rfd8 20. Qa1 Ng4 21. h3 Ngxf2
22. Rxf2 Nxf2 23. Kxf2 Re8 24. Bd4 Rc2 25. Rd2 Rec8 26. Qb1 R2c7 27. Ba1 d4 28.
Bxd4 Bb4 29. Rb2 Be4 30. Qd1 Ba3 31. Rd2 Bb4 32. Rd3 Rc2 33. a4 Ra2 34. Bb6 Bxd3
35. Qxd3 Rcc2 36. Qd5+ Qf7 37. Nfd4 Rd2 38. Qd8+ Kg7 39. Bc7 Be7 40. Be5+ Kh6 41.
Qh8 g5 42. h4 gxh4 43. Bf4+ Kg6 44. Bc6 hxg3+ 45. Bxg3 Bf6 46. Qc8 Qe7 47. Qxf5+
Kg7 48. Ne6+ Kh8 49. N6f4 Bg5 50. Bf3 bxa4 51. bxa4 Ra3 52. Be4 Raa2 53. Kf3 Ra3
54. Qc8+ Rd8 55. Qxa6 Qc5 56. Bf2 Rf8 57. Qb5 Qxb5 58. axb5 Bxf4 59. Nxf4 Rb3 60.
Bc6 Kg7 61. Ke4 Rd8 62. Ne6+ 1-0

[Event "Wroclaw"]
[Site "?"]
[Date "2020.08.25"]
[Round "2.5"]
[White "Radecki, Adam"]
[Black "Mis, Mieszko"]
[Result "0-1"]
[BlackElo "2258"]
[WhiteElo "1769"]
[LiveChessVersion "1.4.8"]

1. e4 c6 2. d3 d5 3. Nd2 e5 4. Ngf3 Bd6 5. g3 Nf6 6. Bg2 O-O 7. O-O Qc7 8. c3 Bg4
9. Qc2 Nbd7 10. Re1 a5 11. Nf1 Bh5 12. h3 Nc5 13. g4 Bg6 14. Ng3 dxe4 15. dxe4
Ne6 16. Be3 Bc5 17. Bxc5 Nxc5 18. Rad1 Rad8 19. Nh4 Ne6 20. Nhf5 Nf4 21. Bf1 Rxd1
22. Rxd1 Rd8 23. g5 Rxd1 24. gxf6 Qd7 25. Ne7+ Kh8 26. Ngf5 gxf6 27. Qb3 Rxf1+
28. Kxf1 Qd3+ 29. Kg1 Qxh3 30. Nxg6+ hxg6 0-1

[Event "Wroclaw"]
[Site "?"]
[Date "2020.08.25"]
[Round "2.6"]
[White "Psyk, Radoslaw"]
[Black "Derylo, Kamil"]
[Result "0-1"]
[BlackElo "1795"]
[WhiteElo "2236"]
[LiveChessVersion "1.4.8"]

1. e4 {[%clk 0:15:18]} e5 {[%clk 0:15:13]} 2. Nf3 {[%clk 0:15:26]} Nc6
{[%clk 0:15:22]} 3. Bb5 {[%clk 0:15:34]} a6 {[%clk 0:15:31]} 4. Ba4
{[%clk 0:15:43]} Nf6 {[%clk 0:15:39]} 5. O-O {[%clk 0:15:50]} Nxe4
{[%clk 0:15:47]} 6. d4 {[%clk 0:15:50]} b5 {[%clk 0:15:56]} 7. Bb3
{[%clk 0:15:59]} d5 {[%clk 0:16:05]} 8. dxe5 {[%clk 0:16:04]} Be6
{[%clk 0:16:14]} 9. c3 {[%clk 0:16:03]} Be7 {[%clk 0:16:16]} 10. Bc2
{[%clk 0:16:06]} O-O {[%clk 0:15:47]} 11. Nbd2 {[%clk 0:16:14]} f5
{[%clk 0:15:56]} 12. Nb3 {[%clk 0:15:09]} Qd7 {[%clk 0:15:28]} 13. Nfd4
{[%clk 0:13:29]} Nxd4 {[%clk 0:15:35]} 14. cxd4 {[%clk 0:12:00]} a5
{[%clk 0:13:43]} 15. f3 {[%clk 0:10:51]} a4 {[%clk 0:13:19]} 16. fxe4
{[%clk 0:09:21]} axb3 {[%clk 0:13:24]} 17. Bxb3 {[%clk 0:09:29]} fxe4
{[%clk 0:13:07]} 18. Be3 {[%clk 0:09:24]} Rfd8 {[%clk 0:12:00]} 19. Rc1
{[%clk 0:05:56]} Rac8 {[%clk 0:08:40]} 20. Qc2 {[%clk 0:05:58]} c5
{[%clk 0:07:38]} 21. dxc5 {[%clk 0:04:13]} d4 {[%clk 0:07:23]} 22. c6
{[%clk 0:04:00]} Bxb3 {[%clk 0:07:28]} 23. Qxb3+ {[%clk 0:03:55]} Qd5
{[%clk 0:07:35]} 24. c7 {[%clk 0:03:22]} Rd7 {[%clk 0:07:08]} 25. e6
{[%clk 0:00:45]} Qxb3 {[%clk 0:04:17]} 26. axb3 {[%clk 0:00:39]} Rd6
{[%clk 0:02:00]} 27. Bf4 {[%clk 0:00:43]} Rxe6 {[%clk 0:02:05]} 28. Rfd1
{[%clk 0:00:48]} d3 {[%clk 0:01:49]} 29. Kf2 {[%clk 0:00:36]} g5 {[%clk 0:01:30]}
30. Be3 {[%clk 0:00:14]} h6 {[%clk 0:01:14]} 31. Rc3 {[%clk 0:00:13]} Bb4
{[%clk 0:01:08]} 32. Rcc1 {[%clk 0:00:19]} Bd6 {[%clk 0:01:15]} 33. Bd4 Bf4
{[%clk 0:01:00]} 34. Be3 {[%clk 0:00:15]} Be5 {[%clk 0:01:09]} 35. Rc5
{[%clk 0:00:20]} Rxc7 {[%clk 0:01:01]} 36. Rxc7 {[%clk 0:00:28]} Bxc7
{[%clk 0:01:10]} 37. Rc1 {[%clk 0:00:34]} Rf6+ {[%clk 0:00:57]} 38. Ke1
{[%clk 0:00:43]} Bf4 {[%clk 0:01:05]} 39. Kd2 {[%clk 0:00:49]} Bxh2 40. Rc5
{[%clk 0:00:51]} Bf4 {[%clk 0:01:08]} 41. Rxb5 {[%clk 0:00:21]} Rc6
{[%clk 0:01:09]} 42. Rb8+ {[%clk 0:00:15]} Kf7 {[%clk 0:01:15]} 43. Rb7+
{[%clk 0:00:18]} Ke6 {[%clk 0:01:14]} 44. Rb4 {[%clk 0:00:27]} Rc2+
{[%clk 0:01:19]} 45. Kd1 {[%clk 0:00:36]} Kf5 {[%clk 0:01:24]} 46. Rb5+
{[%clk 0:00:13]} Kg4 {[%clk 0:01:32]} 47. Bxf4 {[%clk 0:00:21]} Kxf4
{[%clk 0:01:32]} 48. Rb8 {[%clk 0:00:12]} Rxg2 {[%clk 0:01:31]} 49. Ke1
{[%clk 0:00:14]} Ke3 {[%clk 0:01:36]} 50. Kf1 {[%clk 0:00:23]} Rxb2
{[%clk 0:01:42]} 51. b4 {[%clk 0:00:32]} d2 {[%clk 0:01:49]} 52. Rd8
{[%clk 0:00:38]} Rb1+ {[%clk 0:01:56]} 53. Kg2 {[%clk 0:00:47]} d1=Q
{[%clk 0:02:02]} 0-1

[Event "Wroclaw"]
[Site "?"]
[Date "2020.08.25"]
[Round "2.7"]
[White "Nowak, Mikolaj"]
[Black "Posluszny, Tomasz"]
[Result "1-0"]
[BlackElo "1759"]
[WhiteElo "2200"]
[LiveChessVersion "1.4.8"]

1. c4 {[%clk 0:15:18]} e6 {[%clk 0:15:19]} 2. Nf3 {[%clk 0:15:09]} b6
{[%clk 0:15:26]} 3. g3 {[%clk 0:14:57]} Bb7 {[%clk 0:15:32]} 4. Bg2
{[%clk 0:15:05]} c5 {[%clk 0:15:28]} 5. O-O {[%clk 0:14:57]} Nf6 {[%clk 0:15:37]}
6. b3 {[%clk 0:15:02]} Be7 {[%clk 0:15:36]} 7. Bb2 {[%clk 0:15:08]} d6
{[%clk 0:15:44]} 8. Nc3 {[%clk 0:15:00]} a6 {[%clk 0:15:02]} 9. d4
{[%clk 0:14:35]} cxd4 {[%clk 0:15:11]} 10. Qxd4 {[%clk 0:14:39]} Nbd7
{[%clk 0:13:57]} 11. Rfd1 {[%clk 0:14:39]} Qc7 {[%clk 0:13:32]} 12. Rac1
{[%clk 0:14:40]} O-O {[%clk 0:13:12]} 13. h3 {[%clk 0:14:05]} Rfd8
{[%clk 0:12:59]} 14. g4 {[%clk 0:12:58]} Ne5 {[%clk 0:09:30]} 15. Nxe5
{[%clk 0:10:03]} dxe5 {[%clk 0:09:39]} 16. Qe3 {[%clk 0:09:56]} Bc5
{[%clk 0:09:04]} 17. Qg3 {[%clk 0:09:14]} Bxg2 {[%clk 0:09:11]} 18. Qxg2
{[%clk 0:09:06]} Bd4 {[%clk 0:07:42]} 19. e3 {[%clk 0:08:20]} Bxc3
{[%clk 0:07:50]} 20. Bxc3 {[%clk 0:08:27]} Nd7 {[%clk 0:07:57]} 21. Rd2
{[%clk 0:07:23]} Nc5 {[%clk 0:07:28]} 22. Rcd1 {[%clk 0:07:15]} f6
{[%clk 0:06:48]} 23. g5 {[%clk 0:06:46]} Kf7 {[%clk 0:04:44]} 24. gxf6
{[%clk 0:05:38]} gxf6 {[%clk 0:04:52]} 25. Qf3 {[%clk 0:05:17]} Kg7
{[%clk 0:02:14]} 26. Kh1 {[%clk 0:02:58]} Rxd2 {[%clk 0:02:13]} 27. Rg1+
{[%clk 0:02:30]} Kf8 {[%clk 0:00:42]} 28. Qxf6+ {[%clk 0:01:24]} Qf7
{[%clk 0:00:51]} 29. Qxf7+ {[%clk 0:01:06]} Kxf7 {[%clk 0:01:01]} 30. Bxd2
{[%clk 0:01:15]} Rd8 {[%clk 0:00:27]} 31. Bc3 {[%clk 0:01:03]} Ne4
{[%clk 0:00:36]} 32. Bxe5 {[%clk 0:00:43]} Rd2 {[%clk 0:00:15]} 33. Rg7+
{[%clk 0:00:31]} Kf8 {[%clk 0:00:25]} 34. Rxh7 {[%clk 0:00:30]} Nxf2+
{[%clk 0:00:24]} 35. Kg1 {[%clk 0:00:38]} Rxa2 {[%clk 0:00:14]} 36. Bd4
{[%clk 0:00:35]} b5 {[%clk 0:00:15]} 37. Rh6 {[%clk 0:00:23]} Ne4
{[%clk 0:00:15]} 38. cxb5 {[%clk 0:00:26]} axb5 {[%clk 0:00:20]} 39. Rxe6
{[%clk 0:00:33]} Nd2 {[%clk 0:00:26]} 40. Rf6+ {[%clk 0:00:28]} Ke7
{[%clk 0:00:36]} 41. Rf2 {[%clk 0:00:32]} Rc2 {[%clk 0:00:35]} 42. Kg2
{[%clk 0:00:30]} Ke6 {[%clk 0:00:30]} 43. e4 {[%clk 0:00:28]} b4 {[%clk 0:00:18]}
44. Be3 {[%clk 0:00:23]} Rc3 {[%clk 0:00:14]} 45. Bxd2 {[%clk 0:00:30]} Rxb3
{[%clk 0:00:24]} 46. Bf4 {[%clk 0:00:35]} Rb1 {[%clk 0:00:28]} 47. Rf1
{[%clk 0:00:34]} Rb2+ {[%clk 0:00:13]} 48. Kf3 {[%clk 0:00:40]} Rb3+
{[%clk 0:00:22]} 49. Kg4 {[%clk 0:00:47]} Kf6 {[%clk 0:00:29]} 50. h4 1-0

[Event "Wroclaw"]
[Site "?"]
[Date "2020.08.25"]
[Round "2.8"]
[White "Kukula, Karol"]
[Black "Fus, Jakub"]
[Result "0-1"]
[BlackElo "2191"]
[WhiteElo "1752"]
[LiveChessVersion "1.4.8"]

1. e4 {[%clk 0:15:18]} c6 {[%clk 0:15:18]} 2. d4 {[%clk 0:15:27]} d5
{[%clk 0:15:28]} 3. exd5 {[%clk 0:15:34]} cxd5 {[%clk 0:15:37]} 4. c4
{[%clk 0:15:44]} Nf6 {[%clk 0:15:41]} 5. Nc3 {[%clk 0:15:52]} e6 {[%clk 0:15:34]}
6. Nf3 {[%clk 0:15:51]} Bb4 {[%clk 0:15:35]} 7. Bd2 {[%clk 0:14:36]} O-O
{[%clk 0:15:38]} 8. Be2 {[%clk 0:14:38]} dxc4 {[%clk 0:15:47]} 9. Bxc4
{[%clk 0:14:47]} b6 {[%clk 0:15:50]} 10. O-O {[%clk 0:14:22]} Bb7
{[%clk 0:15:59]} 11. Be3 {[%clk 0:14:16]} Nbd7 {[%clk 0:15:19]} 12. Rc1
{[%clk 0:12:15]} Rc8 {[%clk 0:15:27]} 13. Bb3 {[%clk 0:11:12]} Bxc3
{[%clk 0:15:13]} 14. bxc3 {[%clk 0:11:09]} Qc7 {[%clk 0:15:20]} 15. c4
{[%clk 0:10:09]} Ng4 {[%clk 0:15:19]} 16. Qe2 {[%clk 0:09:47]} Bxf3
{[%clk 0:15:23]} 0-1

[Event "Wroclaw"]
[Site "?"]
[Date "2020.08.25"]
[Round "2.9"]
[White "Pacan-Milej, Kosma"]
[Black "Grochol, Kamil"]
[Result "1-0"]
[BlackElo "1711"]
[WhiteElo "2118"]
[LiveChessVersion "1.4.8"]

1. d4 {[%clk 0:15:17]} d5 {[%clk 0:15:19]} 2. c4 {[%clk 0:15:25]} e6
{[%clk 0:15:27]} 3. Nc3 {[%clk 0:15:33]} a6 {[%clk 0:15:36]} 4. cxd5
{[%clk 0:15:33]} exd5 {[%clk 0:15:44]} 5. Bf4 {[%clk 0:15:28]} Nf6
{[%clk 0:15:39]} 6. e3 {[%clk 0:15:33]} Bd6 {[%clk 0:15:42]} 7. Bxd6
{[%clk 0:15:28]} Qxd6 {[%clk 0:15:50]} 8. Bd3 {[%clk 0:15:36]} O-O
{[%clk 0:15:50]} 9. Qc2 {[%clk 0:15:35]} Re8 {[%clk 0:14:37]} 10. Nge2
{[%clk 0:14:42]} Nbd7 {[%clk 0:14:08]} 11. h3 {[%clk 0:12:30]} c5
{[%clk 0:13:33]} 12. dxc5 {[%clk 0:09:47]} Nxc5 {[%clk 0:13:09]} 13. O-O
{[%clk 0:09:41]} Nxd3 {[%clk 0:11:45]} 14. Qxd3 {[%clk 0:09:48]} Bd7
{[%clk 0:11:12]} 15. Rfd1 {[%clk 0:09:48]} Bc6 {[%clk 0:11:10]} 16. Rd2
{[%clk 0:08:08]} Rad8 {[%clk 0:10:12]} 17. Rad1 {[%clk 0:08:12]} Qe5
{[%clk 0:09:21]} 18. Qd4 {[%clk 0:08:07]} h5 {[%clk 0:07:47]} 19. Qxe5
{[%clk 0:07:24]} Rxe5 {[%clk 0:07:55]} 20. Nf4 {[%clk 0:07:09]} g5
{[%clk 0:07:13]} 21. Nd3 {[%clk 0:07:16]} Re7 {[%clk 0:06:50]} 22. Nb4
{[%clk 0:07:16]} Re5 {[%clk 0:06:44]} 23. Rd4 {[%clk 0:07:16]} g4
{[%clk 0:06:23]} 24. hxg4 {[%clk 0:06:47]} hxg4 {[%clk 0:05:45]} 25. Nd3
{[%clk 0:06:52]} Rf5 {[%clk 0:04:41]} 26. e4 {[%clk 0:05:48]} Rg5
{[%clk 0:03:02]} 27. exd5 {[%clk 0:05:44]} Bd7 {[%clk 0:03:09]} 28. Nc5
{[%clk 0:05:31]} Kg7 {[%clk 0:02:21]} 29. Nxd7 {[%clk 0:05:00]} Nxd7
{[%clk 0:02:12]} 30. Ne4 {[%clk 0:04:31]} Re5 {[%clk 0:01:49]} 31. Ng3
{[%clk 0:03:59]} Nf6 {[%clk 0:01:55]} 32. d6 {[%clk 0:03:54]} Nh5
{[%clk 0:00:20]} 33. Nxh5+ {[%clk 0:03:44]} Rxh5 {[%clk 0:00:29]} 34. Rxg4+
{[%clk 0:03:52]} Kf6 {[%clk 0:00:38]} 35. Rf4+ {[%clk 0:03:36]} Ke5
{[%clk 0:00:13]} 36. Rxf7 {[%clk 0:03:39]} Rdh8 {[%clk 0:00:16]} 37. Re7+
{[%clk 0:03:13]} Kf6 {[%clk 0:00:16]} 38. Kf1 {[%clk 0:03:16]} Rc5
{[%clk 0:00:13]} 39. Ke2 {[%clk 0:02:47]} Rc2+ {[%clk 0:00:13]} 40. Rd2
{[%clk 0:02:30]} Rhc8 {[%clk 0:00:20]} 41. Rxb7 {[%clk 0:02:32]} Re8+
{[%clk 0:00:13]} 42. Re7 {[%clk 0:02:31]} 1-0

[Event "Wroclaw"]
[Site "?"]
[Date "2020.08.25"]
[Round "2.10"]
[White "Kulesza, Andrzej"]
[Black "Golenia, Jan"]
[Result "0-1"]
[BlackElo "2033"]
[WhiteElo "1717"]
[LiveChessVersion "1.4.8"]

1. e4 {[%clk 0:15:18]} e5 {[%clk 0:14:50]} 2. Nf3 {[%clk 0:15:26]} Nc6
{[%clk 0:14:58]} 3. Bb5 {[%clk 0:15:33]} a6 {[%clk 0:15:06]} 4. Ba4
{[%clk 0:15:41]} Nf6 {[%clk 0:15:15]} 5. O-O {[%clk 0:15:48]} Be7
{[%clk 0:15:23]} 6. Re1 {[%clk 0:15:55]} b5 {[%clk 0:15:27]} 7. Bb3
{[%clk 0:16:04]} d6 {[%clk 0:15:36]} 8. c3 {[%clk 0:16:11]} O-O {[%clk 0:15:40]}
9. h3 {[%clk 0:16:19]} Na5 {[%clk 0:15:49]} 10. Bc2 {[%clk 0:16:28]} c5
{[%clk 0:15:58]} 11. d4 {[%clk 0:16:29]} Nd7 {[%clk 0:16:07]} 12. a4
{[%clk 0:16:34]} Rb8 {[%clk 0:15:17]} 13. axb5 {[%clk 0:16:29]} axb5
{[%clk 0:15:26]} 14. Nbd2 {[%clk 0:16:37]} exd4 {[%clk 0:15:34]} 15. cxd4
{[%clk 0:16:45]} Nc6 {[%clk 0:15:43]} 16. d5 {[%clk 0:16:34]} Nce5
{[%clk 0:15:52]} 17. Nxe5 {[%clk 0:16:43]} Nxe5 {[%clk 0:15:58]} 18. f4
{[%clk 0:16:48]} Ng6 {[%clk 0:16:04]} 19. Nf3 {[%clk 0:16:56]} Bh4
{[%clk 0:16:13]} 20. Nxh4 {[%clk 0:16:44]} Qxh4 {[%clk 0:16:01]} 21. Rf1
{[%clk 0:16:52]} f5 {[%clk 0:14:49]} 22. exf5 {[%clk 0:16:50]} Bxf5
{[%clk 0:14:48]} 23. Bxf5 {[%clk 0:16:59]} Rxf5 {[%clk 0:14:57]} 24. Qg4
{[%clk 0:17:07]} Qxg4 {[%clk 0:14:52]} 25. hxg4 {[%clk 0:17:15]} Rxd5
{[%clk 0:15:01]} 26. Ra7 {[%clk 0:17:24]} Rf8 {[%clk 0:10:38]} 27. b3
{[%clk 0:16:14]} Rd3 {[%clk 0:07:55]} 28. Rd7 {[%clk 0:16:17]} Rxb3
{[%clk 0:05:58]} 29. Rxd6 {[%clk 0:16:25]} c4 {[%clk 0:05:39]} 30. Rc6
{[%clk 0:16:01]} Rb1 {[%clk 0:05:14]} 31. Rc5 {[%clk 0:15:41]} Nxf4
{[%clk 0:04:57]} 32. Kh2 {[%clk 0:14:42]} Rxc1 {[%clk 0:03:45]} 33. Rxc1
{[%clk 0:14:38]} Nd3 {[%clk 0:03:54]} 34. R1xc4 {[%clk 0:14:43]} bxc4
{[%clk 0:04:01]} 35. Rxc4 {[%clk 0:14:52]} Rf4 {[%clk 0:03:38]} 36. Rc8+
{[%clk 0:15:00]} Kf7 {[%clk 0:03:48]} 37. Kg3 {[%clk 0:15:09]} Rd4
{[%clk 0:03:32]} 38. Rc7+ {[%clk 0:15:14]} Kg6 {[%clk 0:03:37]} 39. Re7
{[%clk 0:14:14]} Kf6 {[%clk 0:03:46]} 40. Ra7 {[%clk 0:14:22]} Ne5
{[%clk 0:03:29]} 41. Ra6+ {[%clk 0:14:02]} Kg5 {[%clk 0:03:37]} 42. Kh3
{[%clk 0:14:09]} Rxg4 {[%clk 0:03:30]} 43. Ra7 {[%clk 0:14:05]} Kh6
{[%clk 0:03:28]} 44. Ra6+ {[%clk 0:13:20]} g6 {[%clk 0:03:25]} 45. Ra5
{[%clk 0:12:53]} Rg5 {[%clk 0:03:29]} 46. Ra7 {[%clk 0:12:55]} Nd3
{[%clk 0:03:36]} 47. g3 {[%clk 0:12:56]} Nc5 {[%clk 0:03:32]} 48. Kh4
{[%clk 0:12:25]} Ne4 {[%clk 0:03:28]} 49. g4 {[%clk 0:11:31]} Nf2
{[%clk 0:03:32]} 50. Rxh7+ {[%clk 0:11:28]} Kxh7 {[%clk 0:03:39]} 51. Kxg5
{[%clk 0:11:36]} Kg7 {[%clk 0:03:43]} 0-1